|
|
|
|
| LEADER |
00000cam a2200000 7i4500 |
| 001 |
0000003204 |
| 002 |
000003461 |
| 005 |
20000330.0 |
| 020 |
|
|
|a T000000300
|
| 090 |
0 |
0 |
|a 011.29923
|b KAT
|
| 245 |
0 |
0 |
|a Katalog koleksi Melayu Perpustakaan University Malaya .
|p Catalogue of the Malaya Collection,University of Malaya Library
|
| 260 |
|
|
|a Kuala Lumpur :
|b Perpustakaan University Malaya ,
|c 1980
|
| 300 |
|
|
|a 746p. ;
|c 28cm.
|
| 650 |
0 |
0 |
|a Malay language
|x Bibliography
|x Catalogues
|
| 650 |
0 |
0 |
|a Malay literature
|x Bibliography
|x Catalogues
|
| 999 |
|
|
|a 036805
|b BUKU
|c MALAYSIANA
|e PERPUSTAKAAN KOMUNITI PETALING JAYA
|